16 Little Geography Pictograms III Quiz Stats

 Plays Quiz Updated Jun 28, 2020

Support Sporcle.
Go Orange.
Score 0/16 Timer 06:00
18 Plays Today
Hint Answer % Correct
Salt Lake City
96.8%
Baghdad
93.4%
Arkansas
92.8%
Wales
92.5%
Amazon Rainforest
91.9%
Poland
90.7%
Singapore
90.1%
New Zealand
89.6%
Hint Answer % Correct
Hamburg
88.4%
Toronto
88%
Helsinki
87.1%
Virginia
84.4%
Ukraine
78.7%
Prince Edward Island
69.4%
Dodoma
53.3%
Khartoum
44.3%

You're not logged in!

Compare scores with friends on all Sporcle quizzes.
OR
Log In
Forgot?

From the Vault

'E' Artists by 3 Singles

by citkeane

Is it worth it? Let us work it? Put your Sporcle down, flip it and reverse it.
Remove Ads.
Support Sporcle.
Get the best of Sporcle when you Go Orange. This ad-free experience offers more features, more stats, and more fun while also helping to support Sporcle. Thank you for becoming a member.

Show Comments

Extras

Top Quizzes Today


Score Distribution

Your Account Isn't Verified!

In order to create a playlist on Sporcle, you need to verify the email address you used during registration. Go to your Sporcle Settings to finish the process.

Report this User

Report this user for behavior that violates our Community Guidelines.

Details: